| 000 | 00935nam a2200325 4500 | ||
|---|---|---|---|
| 001 | 86452 | ||
| 003 | DO-SdBNP | ||
| 005 | 20180403105221.0 | ||
| 007 | 86452 | ||
| 008 | 870324 s 1985 sp a spa | ||
| 016 | 7 |
_a _z _2BPMSU |
|
| 017 |
_a _b |
||
| 020 | _a8485984218 | ||
| 035 | _a | ||
| 040 |
_aBPMSU _bspa _cBPMSU _e |
||
| 041 | 1 | _aspa | |
| 080 | 0 | _a | |
| 080 | 0 | _a | |
| 100 | 1 | _aDurán i Riu, Fina | |
| 240 | 1 | 0 |
_aPetita historia de Joan Miró _lespañol |
| 245 | 1 | 0 |
_aPequeña historia de Joan Miró / _h _cFina Duran i Riu, Pilarín Bayés ; traducción, Jordi Oliveras |
| 260 |
_aBarcelona : _bMediterrània, _c1985 |
||
| 300 |
_a[17] p.: _bil.; _c28 cm |
||
| 600 | 1 | 7 |
_aMiró, Joan _d1893-1983 _vLibros infantiles _2 |
| 700 | 1 |
_aBayés, Pilarín _d1941- |
|
| 700 | 1 |
_aOliveras, Jordi _etr. |
|
| 942 |
_2ddc _cBK |
||
| 945 | _aInventariado, 2018/ YL | ||
| 956 |
_a VMATEO _b10 _c20160518 _dBPMSU _f0069 |
||
| 999 |
_c10163 _d10163 |
||